Children's books in children's hands : (Record no. 25834)

000 -LEADER
fixed length control field 01138cam a22002654a 4500
001 - CONTROL NUMBER
control field 16214958
003 - CONTROL NUMBER IDENTIFIER
control field OSt
005 - DATE AND TIME OF LATEST TRANSACTION
control field 20170201122119.0
008 - FIXED-LENGTH DATA ELEMENTS--GENERAL INFORMATION
fixed length control field 100503s2011 maua b 001 0 eng
010 ## - LIBRARY OF CONGRESS CONTROL NUMBER
LC control number 2010018237
020 ## - INTERNATIONAL STANDARD BOOK NUMBER
International Standard Book Number 9780137048779
020 ## - INTERNATIONAL STANDARD BOOK NUMBER
International Standard Book Number 0137048777
040 ## - CATALOGING SOURCE
Original cataloging agency DLC
Transcribing agency DLC
050 00 - LIBRARY OF CONGRESS CALL NUMBER
Classification number PN1009.A1
Item number C5118 2011
082 00 - DEWEY DECIMAL CLASSIFICATION NUMBER
Classification number 809/.89282
Edition number 22
100 1# - MAIN ENTRY--PERSONAL NAME
Personal name Temple, Charles A.,
Dates associated with a name 1947-
245 10 - TITLE STATEMENT
Title Children's books in children's hands :
Remainder of title an introduction to their literature /
Statement of responsibility, etc. Charles Temple, Miriam Martinez, Junko Yokota ; with contribution by Evelyn B. Freeman.
260 ## - PUBLICATION, DISTRIBUTION, ETC. (IMPRINT)
Place of publication, distribution, etc. Boston :
Name of publisher, distributor, etc. Pearson,
Date of publication, distribution, etc. 2011.
300 ## - PHYSICAL DESCRIPTION
Extent xxviii, 572., [1] folder leaf :
Other physical details ill., (some col.) ;
Dimensions 28 cm
504 ## - BIBLIOGRAPHY, ETC. NOTE
Bibliography, etc Includes bibliographical references and index.
650 #0 - SUBJECT ADDED ENTRY--TOPICAL TERM
Topical term or geographic name as entry element Children's literature
General subdivision History and criticism.
700 1# - ADDED ENTRY--PERSONAL NAME
Personal name Martinez, Miriam G.,
Dates associated with a name 1948-
700 1# - ADDED ENTRY--PERSONAL NAME
Personal name Yokota, Junko.
906 ## - LOCAL DATA ELEMENT F, LDF (RLIN)
a 7
b cbc
c orignew
d 1
e ecip
f 20
g y-gencatlg
942 ## - ADDED ENTRY ELEMENTS (KOHA)
Source of classification or shelving scheme
Koha item type Hard Covered Materials
Classification part PN 1009 .A1T46 2011
Holdings
Withdrawn status Lost status Source of classification or shelving scheme Damaged status Not for loan Home library Current library Shelving location Date acquired Source of acquisition Total Checkouts Full call number Barcode Date last seen Price effective from Koha item type
          MACHAKOS UNIVERSITY LIBRARY MACHAKOS UNIVERSITY LIBRARY Technical section 01/02/2017 Donation (BFA)   PN 1009 .A1T46 2011 33374 23/07/2018 01/02/2017 Hard Covered Materials
© Machakos University Library, Along The Highway, Machakos Wote Rd, Machakos, Kenya P.O. Box 136 - 90100 Machakos - Kenya

Tel: ( +254 ) 723 805829 OR Fax : 044-20353 OR Email: library@mksu.ac.ke